|
|
|
|
| LEADER |
00000nam a2200000 a 4500 |
| 001 |
UCH3475 |
| 003 |
CL-VaPUC |
| 008 |
090730e20090000CL |||||||||||||||||spa|d |
| 020 |
|
|
|a 9789560000637
|
| 082 |
0 |
4 |
|a 323.4
|b LAG
|2 21
|
| 100 |
|
|
|a Lagos Lira, Claudia
|e author
|9 538824
|
| 245 |
1 |
3 |
|a El diario de Agustín: Cinco estudios de casos sobre El Mercurio y los derechos humanos, 1973-1990
|
| 250 |
|
|
|a 1a. ed
|
| 300 |
|
|
|a 380 p
|
| 942 |
|
|
|c BK
|
| 945 |
|
|
|d 20090730 00:00:00
|a dcastane
|
| 260 |
|
|
|a Santiago
|b Lom
|c 2009
|
| 650 |
|
0 |
|a Derechos humanos
|9 223025
|
| 650 |
|
0 |
|a Dictadura
|9 341206
|
| 650 |
|
7 |
|a CHILE 1973-1990
|2 CL-VaPUC
|9 538825
|
| 583 |
|
|
|a last modification
|c 20090730 00:00:00
|k Rodrigo Vera
|
| 999 |
|
|
|c 335011
|d 335009
|
| 952 |
|
|
|0 0
|1 0
|4 0
|6 323_400000000000000_LAG_2009
|7 0
|8 A
|9 424482
|a BIBCUR
|b BIBCUR
|d 2019-11-22
|i 457947K
|o 323.4 LAG 2009
|p 457947K
|r 2025-04-22
|w 2019-11-22
|y BK
|k MGC
|
| 952 |
|
|
|0 0
|1 0
|4 0
|6 323_400000000000000_LAG_2009
|7 0
|8 A
|9 424483
|a BIBHIS
|b BIBHIS
|d 2019-11-22
|i 4589440
|o 323.4 LAG 2009
|p 4589440
|r 2025-01-20
|w 2019-11-22
|y BK
|k HIS
|
| 952 |
|
|
|0 0
|1 0
|4 0
|6 323_400000000000000_LAG_2009
|7 0
|8 A
|9 424484
|a BIBCUR
|b BIBCUR
|d 2019-11-22
|i 4661885
|o 323.4 LAG 2009
|p 4661885
|r 2025-04-22
|w 2019-11-22
|y BK
|k PER
|